Quiz MotoGP #1 - Statistiques

Statistiques générales
  • Ce quiz a été pris 110 fois
  • Le résultat moyen est 8 sur 17
Statistiques - réponses
Question Réponse % Correct
Pilote né le 20 avril 1999 Fabio Quartararo
100%
Année de son titre en MotoGP 2021
85%
Sa nationalité France
85%
Écurie dans laquelle il est présent depuis maintenant 5 saisons Yamaha
83%
Ville de naissance du pilote Nice
80%
Son numéro 20
78%
Pays dans lequel il vit depuis 2020 Andorre
69%
Équipe de Razlan Razali avec qui il a débuté en MotoGP Petronas
51%
Département de naissance du pilote Alpes-Maritimes / 06
48%
Sa profession Coiffeuse
25%
Prénom du père Etienne
21%
Nom de son meilleur ami et de son assistant Tom Maubant
21%
Prénom de son frère Anthony
16%
Sa profession Serrurier
14%
Sa première victoire en moto2 Catalogne
12%
Prénom de la mère Martine
12%
Nom du circuit de son première podium COTA / Circuit of the Americas
4%
Aucun quiz correspondant
Distribution des résultats
% des personnes avec chaque résultat
Percentile par nombre de réponses
Votre historique - résultats
Vous n’avez pas pris ce quiz